000
00412nam a2200133Ia 4500
008
100328s9999 xx 000 0 und d
082
_b
50428
100
_a
मुळ्ये प्रदीप-संपा.
245
_a
ते आणि आम्ही.
260
_b
अविष्कार
630
_a
ते आणि आम्ही.
730
_a
ते आणि आम्ही.
942
_c
BOOK
999
_c
537568
_d
537565